The caste system in India: myth and reality (Record no. 351380)

000 -LEADER
fixed length control field 00373cam a22001337a 4500
008 - FIXED-LENGTH DATA ELEMENTS--GENERAL INFORMATION
fixed length control field 180718b1986 xxu||||| |||| 00| 0 eng d
082 ## - DEWEY DECIMAL CLASSIFICATION NUMBER
Classification number BA27x54 P192
100 ## - MAIN ENTRY--PERSONAL NAME
Personal name Pandey, Rajendra
245 ## - TITLE STATEMENT
Title The caste system in India: myth and reality
Statement of responsibility, etc. by Rajendra Pandey
260 ## - PUBLICATION, DISTRIBUTION, ETC.
Place of publication, distribution, etc. Delhi
Name of publisher, distributor, etc. Criterion
Date of publication, distribution, etc. 1986
300 ## - PHYSICAL DESCRIPTION
Extent 241p.
500 ## - GENERAL NOTE
General note Bibl.p.199-238
650 ## - SUBJECT ADDED ENTRY--TOPICAL TERM
Topical term or geographic name entry element Caste - India
Holdings
Withdrawn status Lost status Damaged status Not for loan Permanent Location Current Location Date acquired Full call number Barcode Date last seen Price effective from Koha item type
        Indian Institute of Public Administration Indian Institute of Public Administration 1993-11-15 BA27x54 P192 61728 2018-07-21 2018-07-21 Book

Powered by Koha